Core concepts in physics : semiconductor physics / John Long. (Record no. 22063)
| 000 -LEADER | |
|---|---|
| fixed length control field | 00618nam a22001937a 4500 |
| 020 ## - INTERNATIONAL STANDARD BOOK NUMBER | |
| ISBN | 9781984689184 |
| 082 ## - DEWEY DECIMAL CLASSIFICATION NUMBER | |
| Classification number | 530.412 |
| Item number | L8488 2024 |
| 100 ## - MAIN ENTRY--AUTHOR NAME | |
| Personal name | Long, John, author. |
| 245 ## - TITLE STATEMENT | |
| Title | Core concepts in physics : semiconductor physics / John Long. |
| 250 ## - EDITION STATEMENT | |
| Edition statement | 2nd edition. |
| 260 ## - PUBLICATION, DISTRIBUTION, ETC. (IMPRINT) | |
| Place of publication | New York, NY : |
| Name of publisher | 3G E-learning LLC, |
| Year of publication | ©2024. |
| 300 ## - PHYSICAL DESCRIPTION | |
| Number of Pages | ix, 244 pages : |
| Other physical details | illustrations ; 26 cm. |
| 500 ## - GENERAL NOTE | |
| General note | Includes bibliographical references and index. |
| 650 ## - SUBJECT ADDED ENTRY--TOPICAL TERM | |
| Topical Term | Semiconductors. |
| 650 ## - SUBJECT ADDED ENTRY--TOPICAL TERM | |
| Topical Term | Semiconductor physics. |
| 650 ## - SUBJECT ADDED ENTRY--TOPICAL TERM | |
| Topical Term | Solid state physics. |
| 650 ## - SUBJECT ADDED ENTRY--TOPICAL TERM | |
| Topical Term | Electronic structure of solids. |
| 942 ## - ADDED ENTRY ELEMENTS (KOHA) | |
| Koha item type | Books |
| Source of acquisition | Permanent Location | Date acquired | Koha item type | Collection code | Accession Number | Lost status | Shelving location | Withdrawn status | Current Location | Full call number |
|---|---|---|---|---|---|---|---|---|---|---|
| School | Cagayan State University - Carig Library | 2026-03-23 | Books | Pure Sciences | 011334 | General Collection | Cagayan State University - Carig Library | 530.412 L8488 2024 |